000 00579cam a22001457a 4500
008 180718b1975 xxu||||| |||| 00| 0 eng d
082 _aXA94x5442
100 _aBombay. Committee on Relief from Rural and Urban Indebtedness
245 _aReport of the committee on relief from rural and urban indebtedness
_cby Agriculture and Co-operation Department, Bombay
260 _aBombay
_bAgriculture and Co-operation Department
_c1975
300 _a81+p.
500 _aChairman: V.S. Page
700 _aBombay. Agriculture and Co-operation Department
700 _aPage, V.S. (Chairman)
999 _c489922
_d489922